Personajes de Aquí no hay quien viva - ¡Muerte súbita! - Estadísticas

Estadísticas generales
  • Esta prueba ha sido intentada 157 veces
  • La puntuación promedio es 8 de 18
Answers on the Grid
Answers color-coded by a green-red scale on the quiz's grid according to % correct below.
Alicia Sanz Peña
Amador Rivas
Armando Mendoza
Beatriz Pinzón
Beatriz Villarejo
Belén López Vázquez
Carlos de Haro Cabanillas
Carlota Rivas
Concha de la Fuente García
Cristina Aguilera
Emilio Delgado Martínez
Fernando Navarro Sánchez
Josemi Cuesta Hurtado
Juan Cuesta
Lola Trujillo
Luisma García García
Maca Ferreiro Molina
María Lucía Álvarez Muñoz
Mariano Delgado
Marina Nunier Osuna
Marisa Benito Valbuena
Mauricio Hidalgo Torres
Natalia Cuesta Hurtado
Pablo Guerra Ruiz
Paloma Hurtado
Roberto Alonso Castillo
Rosario de la Vega
Santiago Serrano
Teté Capdevila Gómez
Vicenta Benito Valbuena
 
Estadísticas de respuestas
Respuesta % Correcto
Alicia Sanz Peña
91%
Belén López Vázquez
58%
Emilio Delgado Martínez
55%
Juan Cuesta
55%
Josemi Cuesta Hurtado
48%
Marisa Benito Valbuena
47%
Concha de la Fuente García
44%
Natalia Cuesta Hurtado
44%
Paloma Hurtado
42%
Vicenta Benito Valbuena
42%
Mariano Delgado
41%
Fernando Navarro Sánchez
39%
Mauricio Hidalgo Torres
39%
Roberto Alonso Castillo
39%
María Lucía Álvarez Muñoz
31%
Beatriz Villarejo
30%
Carlos de Haro Cabanillas
27%
Pablo Guerra Ruiz
27%
No se encontraron pruebas coincidentes
Distribución de puntuación
Porcentaje de gente con cada puntuación
Porcentaje por número respondido
Historial de tus puntuaciones
No has intentado esta prueba.